Cities in medieval India (Record no. 33024)

MARC details
000 -LEADER
fixed length control field 00440nam a2200169Ia 4500
008 - FIXED-LENGTH DATA ELEMENTS--GENERAL INFORMATION
fixed length control field 230917s9999||||xx |||||||||||||| ||und||
020 ## - ISBN
Price RS995
040 ## - CATALOGING SOURCE
-- 258078
Original cataloging agency VIVEKANANDA LIBRARY
041 ## - Language
-- English
082 ## - DDC NUMBER
Classification number 954.02 S23C
100 ## - MAIN ENTRY--PERSONAL NAME
Personal name Sharma, Yogesh, ed.
245 #0 - TITLE STATEMENT
Title Cities in medieval India
260 ## - PUBLICATION, DISTRIBUTION, ETC. (IMPRINT)
Place of publication, distribution, etc Delhi
Name of publisher, distributor, etc Primus Books
Date of publication, distribution, etc 2019
300 ## - PHYSICAL DESCRIPTION
Pages x, 828 p.
500 ## - GENERAL NOTE
General note 3647 01/10/2019 RK19/1917 10/10/2019 Main Budget
942 ## - ADDED ENTRY ELEMENTS (KOHA)
Koha item type Books
Holdings
Withdrawn status Lost status Damaged status Not for loan Location (home branch) Sublocation or collection (holding branch) Date acquired Koha issues (times borrowed) Koha full call number Accession No. Koha date last seen Koha item type
        VIVEKANANDA LIBRARY VIVEKANANDA LIBRARY 06/12/2019   954.02 S23C 390174 17/09/2023 Books
© Designed and Maintained by Vivekananda Library, MDU Rohtak